000 00214 a2200097 4500
001 17761
100 _aPisiwnov
245 _aDifferential and integral calcu
260 _a
_bMir Publisher
_c
090 _c13129
_d13129
942 _aNUST-CAE
_cM
_c3480
999 _c252834
_d252834